| 000 | 00659nam a2200229Ia 4500 | ||
|---|---|---|---|
| 003 | OSt | ||
| 005 | 20220928124049.0 | ||
| 006 | a|||||r|||| 00| 0 | ||
| 007 | ta | ||
| 008 | 220927b |||||||| |||| 00| 0 eng d | ||
| 024 | _a131682 | ||
| 037 | _cTextual | ||
| 040 |
_aSDCL _cSDCL _beng |
||
| 041 |
_2eng _aeng |
||
| 082 | _aV275'L7, K9 | ||
| 100 |
_aKhan Abdul Majed _9369141 |
||
| 245 | 0 |
_aTransition in Bengal,1756-1775 _b A study of Saiyid Muhammad Reza Khan |
|
| 260 |
_aNew Delhi _bCambridge University Press _c1969 |
||
| 300 |
_axv,376p _ccm. |
||
| 942 |
_hV275'L7, K9 _cTEXL _2CC |
||
| 999 |
_c776181 _d776181 |
||